000 00725nam a2200253Ia 4500
003 OSt
005 20221005040122.0
006 a|||||r|||| 00| 0
007 ta
008 221004b |||||||| |||| 00| 0 urd d
020 _c250
024 _a15696
037 _b4349, 18/12/2014, Kitabi Duniya
_cTextual
040 _aCRL
_cCRL
_burd
041 _2urd
_aurd
082 _aO168,6N31:g, N6
100 _aAbdul Haq Au.
_91299
245 0 _aArmughan-e-Narang
260 _aDelhi
_bModern Publishing House India
_c1996
300 _a183p.
_ccm.
650 _aURDU PROSE
_926866
942 _hO168,6N31:g, N6
_cTEXL
_2cc
999 _c946409
_d946409